000
00318 a2200109 4500
001
ART_56391
005
20260410161815.0
008
260409a
245
1
0
_a
La poesía en la enseñanza del Derecho
100
1
_a
Cardinaux, Nancy
773
0
_t
Academia
_g
- Año 16, Nº 32 (jul./dic. 2018)
_w
REV4314
999
_c
21855
_d
21855